00520nam a2200205 a 4500001001300000003000900013005001700022008004100039020001000080082001500090100001400105245003800119260003100157300000900188500003500197505003400232650001800266650001600284700001400300nice12345678IN_TiNIC20260116013508.0050524s1989 dela grp 000 0 eng  ac10000a291.4bMAN aMansshi,  aManushib Tenth Anniversary Issue aDelhibManushi Trustc1989 a120p aincludes index and biblioraphy2 awomen bhakta peots, nos.50-52 aBhakti-Poetry aPoets-Women1 aMansshi,